| 000 | 00944cam a22002775a 4500 | ||
|---|---|---|---|
| 001 | 12114745 | ||
| 005 | 20151104091112.0 | ||
| 008 | 000721s2001 enka frb 001 0 eng d | ||
| 020 | _a9780415234511 | ||
| 020 | _a0415234514 | ||
| 040 |
_aDLC _beng _cDLC _dDLC _dEG-ScBUE _dEG-ScBUE |
||
| 043 | _ad------ | ||
| 082 | 0 | 4 |
_a302.2244091724 _bLIT _222 |
| 245 | 0 | 0 |
_aLiteracy and development : _bethnographic perspectives / _cedited by Brian V. Street. |
| 260 |
_aLondon ; _aNew York : _bRoutledge / Taylor & Francis Group, _c2001. |
||
| 300 |
_ax, 228 p. : _bill. ; _c24 cm. |
||
| 490 | 0 | _aLiteracies | |
| 500 | _aIndex : p. 223-228. | ||
| 504 | _aIncludes bibliographical references. | ||
| 650 | 0 |
_aLiteracy _zDeveloping countries _vCross-cultural studies. _2BUEsh |
|
| 650 | 0 |
_aEthnology _zDeveloping countries. _2BUEsh |
|
| 651 | _2BUEsh | ||
| 653 |
_bENGGEN _cJuly2015 _cNovember2015 |
||
| 700 | 1 |
_aStreet, Brian V., _eeditor. |
|
| 942 | _2ddc | ||
| 999 |
_c20384 _d20356 |
||